000 00326nam a2200097Ia 4500
008 230907s9999||||xx |||||||||||||| ||und||
082 _a621.312134
_bHYD
245 0 _aHydropower developments:
260 _aInstitution of Mechanical Engineers (Great Britain). | Professional engineering publishing,
_bdownload
_c2004
942 _cBK
999 _c596193
_d596193